Sports Quiz

Random Sports or NBA Quiz

NBA 30+ Point Games by Team (2000s) Quiz Stats

Quiz Updated Jun 6, 2018

Challenge
Share
Tweet
Embed
Score 0/150 Timer 15:00
10 Plays Today
Team Player % Correct
Philadelphia 76ersAllen Iverson
97.3%
Denver NuggetsAllen Iverson
97.3%
Cleveland CavaliersLeBron James
97.1%
Toronto RaptorsMike James
95.8%
San Antonio SpursGeorge Hill...
94.6%
San Antonio SpursGeorge Hill...
94.6%
Los Angeles LakersKobe Bryant
94.4%
Miami HeatDwyane Wade
93%
Minnesota TimberwolvesKevin Garnett
92.7%
Boston CelticsPaul Pierce
92.6%
Miami HeatShaquille O'Neal
91.7%
Los Angeles LakersShaquille O'Neal
91.7%
Milwaukee BucksRay Allen
91.6%
Boston CelticsRay Allen
91.6%
Oklahoma City ThunderRay Allen
91.6%
Indiana PacersJermaine O'Neal
91.1%
Denver NuggetsCarmelo Anthony
89.7%
San Antonio SpursTim Duncan
88.2%
New Orleans HornetsChris Paul
88%
Dallas MavericksSteve Nash
87.8%
Phoenix SunsSteve Nash
87.8%
Dallas MavericksDirk Nowitzki
87.2%
Chicago BullsJalen Rose
86.9%
Indiana PacersJalen Rose
86.9%
Toronto RaptorsJalen Rose
86.9%
Orlando MagicDwight Howard
85.9%
Dallas MavericksJosh Howard
85.4%
Oklahoma City ThunderKevin Durant
85.3%
New Jersey NetsVince Carter
85.1%
Toronto RaptorsVince Carter
85.1%
Atlanta HawksJoe Johnson
84.7%
Orlando MagicTracy McGrady
84.7%
Houston RocketsTracy McGrady
84.7%
Utah JazzDeron Williams
84.3%
Milwaukee BucksMo Williams
84.2%
Cleveland CavaliersMo Williams
84.2%
Charlotte HornetsGerald Wallace
83.9%
Portland TrailblazersRasheed Wallace
83.8%
San Antonio SpursTony Parker
83.5%
Memphis GrizzliesPau Gasol
82.2%
Los Angeles LakersPau Gasol
82.2%
New Jersey NetsJason Kidd
81%
Phoenix SunsJason Kidd
81%
New Orleans HornetsDavid West
80.3%
Houston RocketsYao Ming
79.6%
Denver NuggetsChauncey Billups
79.5%
Detroit PistonsChauncey Billups
79.5%
Phoenix SunsAmare Stoudemire
79%
Washington WizardsHamilton / Hughes
78.2%
Washington WizardsGilbert Arenas
78.2%
Team Player % Correct
Detroit PistonsRichard Hamilton
77.3%
Toronto RaptorsChris Bosh
75.8%
Indiana PacersReggie Miller
75.7%
Atlanta HawksJosh Smith
75.7%
Philadelphia 76ersAndre Miller
75.5%
Cleveland CavaliersAndre Miller
75.5%
Memphis GrizzliesMike Miller
75.5%
New Orleans HornetsBaron Davis
73.6%
Golden State WarriorsBaron Davis
73.6%
Utah JazzKarl Malone
73.5%
Cleveland CavaliersRicky Davis
73.3%
Boston CelticsRicky Davis
73.3%
Minnesota TimberwolvesRicky Davis
73.3%
San Antonio SpursManu Ginobili
71.6%
Milwaukee BucksMichael Redd
71.4%
Philadelphia 76ersChris Webber
71%
Sacramento KingsChris Webber
71%
Washington WizardsMichael Jordan
69.7%
Utah JazzCarlos Boozer
67.8%
Los Angeles ClippersElton Brand
67.5%
Oklahoma City ThunderRussell Westbrook
64.9%
Charlotte HornetsBoris Diaw...
64.8%
Sacramento KingsMike Bibby
63.7%
New Jersey NetsRichard Jefferson
62.6%
Minnesota TimberwolvesAl Jefferson
62.6%
Portland TrailblazersBrandon Roy
62.1%
Charlotte HornetsStephen Jackson
62%
Golden State WarriorsStephen Jackson
62%
Golden State WarriorsAntawn Jamison
61.1%
Washington WizardsAntawn Jamison
61.1%
Boston CelticsRondo / Szczerbiak
60.2%
Chicago BullsBen Gordon
59.9%
Phoenix SunsShawn Marion
59.8%
Detroit PistonsTayshaun Prince
59.6%
Philadelphia 76ersAndre Iguodala
59.1%
New York KnicksStephon Marbury
58.8%
New Jersey NetsStephon Marbury
58.8%
Phoenix SunsStephon Marbury
58.8%
Indiana PacersDanny Granger
58.2%
Boston CelticsAntoine Walker
58.1%
Los Angeles ClippersZach Randolph
55.6%
Memphis GrizzliesZach Randolph
55.6%
Portland TrailblazersZach Randolph
55.6%
Milwaukee BucksGlenn Robinson
55.3%
Atlanta HawksGlenn Robinson
55.3%
Memphis GrizzliesRudy Gay
54.9%
Sacramento KingsKevin Martin
54.8%
Golden State WarriorsMonta Ellis
54.3%
Los Angeles LakersLamar Odom
54.1%
Oklahoma City ThunderRashard Lewis
54%
Team Player % Correct
Sacramento KingsPeja Stojakovic
53.6%
Atlanta HawksJason Terry
52.8%
Dallas MavericksJason Terry
52.8%
Charlotte HornetsJason Richardson
50.1%
Golden State WarriorsJason Richardson
50.1%
Los Angeles ClippersQuentin Richardson
49.9%
Oklahoma City ThunderGary Payton
49.7%
Orlando MagicSteve Francis
48.4%
Houston RocketsSteve Francis
48.4%
Chicago BullsLuol Deng
48.2%
New York KnicksHarrington / Lee
48.1%
Orlando MagicJameer Nelson
47.2%
New York KnicksAllan Houston
46.9%
Sacramento KingsRon Artest
44.8%
Miami HeatCaron Butler
44.5%
Los Angeles LakersCaron Butler
44.5%
Washington WizardsCaron Butler
44.5%
Chicago BullsJamal Crawford
43.4%
New York KnicksJamal Crawford
43.4%
New York KnicksLatrell Sprewell
43.2%
Miami HeatEddie Jones
42.9%
Detroit PistonsJerry Stackhouse
42.9%
Chicago BullsHinrich / Mercer
39.1%
Cleveland CavaliersZydrunas Ilgauskas
38.2%
Dallas MavericksMichael Finley
38%
Charlotte HornetsRaymond Felton
37.2%
Memphis GrizzliesO.J. Mayo
37%
Orlando MagicHedo Turkoglu
36.9%
Portland TrailblazersDamon Stoudamire
36.6%
Milwaukee BucksSam Cassell
36.2%
Minnesota TimberwolvesSam Cassell
36.2%
Los Angeles ClippersCorey Maggette
34.3%
New Jersey NetsDevin Harris
33.7%
Utah JazzMehmet Okur
33.3%
Philadelphia 76ersWillie Green
30.2%
Minnesota TimberwolvesWally Szczerbiak
28.9%
Houston RocketsCuttino Mobley
26.5%
New Orleans HornetsJamal Mashburn
26%
Atlanta HawksShareef Abdur-Rahim
25.9%
Houston RocketsAaron Brooks
25.5%
Detroit PistonsRodney Stuckey
22.3%
Denver NuggetsAntonio McDyess
19.2%
Indiana PacersMike Dunleavy
18.5%
Miami HeatBrian Grant
17.8%
Toronto RaptorsMorris Peterson
17.4%
Denver NuggetsNick Van Exel
16.3%
Portland TrailblazersBonzi Wells
14.8%
New Orleans HornetsDavid Wesley
14.4%
Utah JazzMatt Harpring
13.8%
Los Angeles ClippersAl Thornton
7.5%

You're not logged in!

Compare scores with friends on all Sporcle quizzes.
Join for Free
OR
Log In

You Might Also Like...

Show Comments

Extras

Top Quizzes Today


Score Distribution

Your Account Isn't Verified!

In order to create a playlist on Sporcle, you need to verify the email address you used during registration. Go to your Sporcle Settings to finish the process.

Report this User

Report this user for behavior that violates our Community Guidelines.

Details: